GÜZEL YAZILAR HİKAYELER (Record no. 1223844)

MARC details
000 -LEADER
sabit uzunluktaki kontrol alanı 00266nam a2200097Ia 4500
001 - KONTROL NUMARASI
kontrol alanı 1223844
005 - EN SON İŞLEMİN TARİH VE ZAMANI
kontrol alanı 20250827092915.0
008 - SABİT-UZUNLUKTA VERİ ÖĞELERİ--GENEL BİLGİ
sabit uzunluktaki kontrol alanı 250824s9999 xx 000 0 und d
245 #0 - ESER / YAZAR
ESER ADI GÜZEL YAZILAR HİKAYELER
Yazar Adı İSMAİL PARLATIR
260 ## - YAYIN, DAĞITIM, VB.
YAYIN EVİ TÜRK DİL KURUMU YAYINLARI
Holdings
Düşüm durumu Kayıp durumu Sınıflandırma Kaynağı veya raf şeması Hasar Durumu Ödünç verilmez Ana kütüphane Geçerli Kütüphane Edinilen tarih Toplam ödünç verme sayısı Tam yer numarası Barkod Son görüntüleme tarihi Fiyatın geçerli olmaya başladığı tarih Koha materyal türü
    Dewey Ondalık Sınıflama     KONYA ATATÜRK ANADOLU LİSESİ KONYA ATATÜRK ANADOLU LİSESİ 24.08.2025   H-3 11016199 27.08.2025 27.08.2025 Books